<?xml version="1.0" encoding="UTF-8"?>
<record
    xmlns:xsi="http://www.w3.org/2001/XMLSchema-instance"
    xsi:schemaLocation="http://www.loc.gov/MARC21/slim http://www.loc.gov/standards/marcxml/schema/MARC21slim.xsd"
    xmlns="http://www.loc.gov/MARC21/slim">

  <leader>03330cam a22003255a 4500</leader>
  <datafield tag="999" ind1=" " ind2=" ">
    <subfield code="c">26851</subfield>
    <subfield code="d">26823</subfield>
  </datafield>
  <controlfield tag="001">18462413</controlfield>
  <controlfield tag="005">20181216123811.0</controlfield>
  <controlfield tag="008">150122t2016    moua   frb    001 0 eng d</controlfield>
  <datafield tag="010" ind1=" " ind2=" ">
    <subfield code="a">  2015002959</subfield>
  </datafield>
  <datafield tag="020" ind1=" " ind2=" ">
    <subfield code="a">9780323287456 (hardcover : alk. paper)</subfield>
  </datafield>
  <datafield tag="035" ind1=" " ind2=" ">
    <subfield code="a">(DNLM)101650054</subfield>
  </datafield>
  <datafield tag="040" ind1=" " ind2=" ">
    <subfield code="a">DNLM/DLC</subfield>
    <subfield code="b">eng</subfield>
    <subfield code="c">DLC</subfield>
    <subfield code="d">DLC</subfield>
    <subfield code="d">EG-ScBUE</subfield>
    <subfield code="d">EG-ScBUE</subfield>
  </datafield>
  <datafield tag="082" ind1="0" ind2="4">
    <subfield code="a">617.645</subfield>
    <subfield code="b">MCD</subfield>
    <subfield code="2">22</subfield>
  </datafield>
  <datafield tag="245" ind1="0" ind2="0">
    <subfield code="a">McDonald and Avery's dentistry for the child and adolescent /</subfield>
    <subfield code="c">[edited by] Jeffrey A. Dean... [et al.]</subfield>
  </datafield>
  <datafield tag="246" ind1="1" ind2=" ">
    <subfield code="a">Dentistry for the child and adolescent</subfield>
  </datafield>
  <datafield tag="250" ind1=" " ind2=" ">
    <subfield code="a">10th ed.</subfield>
  </datafield>
  <datafield tag="260" ind1=" " ind2=" ">
    <subfield code="a">Missouri :</subfield>
    <subfield code="b">Elsevier,</subfield>
    <subfield code="c">c.2016.</subfield>
  </datafield>
  <datafield tag="300" ind1=" " ind2=" ">
    <subfield code="a">xix, 700 p. :</subfield>
    <subfield code="b">ill. (chiefly col.) ;</subfield>
    <subfield code="c">29 cm.</subfield>
  </datafield>
  <datafield tag="504" ind1=" " ind2=" ">
    <subfield code="a">Includes bibliographical references and index.</subfield>
  </datafield>
  <datafield tag="505" ind1="0" ind2=" ">
    <subfield code="a">Examination of the mouth and other relevant structures --
Radiographic techniques --
Acquired and developmental disturbances of the teeth and associated oral structures --
Development and morphology of the primary teeth --
Clinical genetics for the dental practitioner --
Child abuse and neglect --
Mechanical and chemotherapeutic home oral hygiene --
Nutritional considerations for the pediatric dental patient --
Dental caries in the child and adolescent --
Pit-and-fissure sealants and preventive resin restorations --
Restorative dentistry --
Dental materials --
Treatment of deep caries, vital pulp exposure, and pulpless teeth --
Gingivitis and periodontal disease --
Local anesthesia and pain control for the child and adolescent --
Nonpharmacologic management of children's behaviors --
Pharmacologic management of patient behavior --
Hospital dental services for children and the use of general anesthesia --
Eruption of the teeth: local, systemic, and congenital factors that influence the process --
Growth of the face and dental arches --
Cephalometrics and facial aesthetics : the key to complete treatment planning --
Managing the developing occlusion --
Multidisciplinary team approach to cleft lip and palate management --
Prosthodontic treatment of the adolescent patient --
Dental problems of children with special health care needs --
Management of the medically compromised patient : hematologic disorders, cancer, hepatitis, and aids --
Management of trauma to the teeth and supporting tissues --
Tumors of the oral soft tissues and cysts and tumors of bone --
Oral surgery for the pediatric patient --
The child in context of the family, community, and society --
Practice management.</subfield>
  </datafield>
  <datafield tag="520" ind1=" " ind2=" ">
    <subfield code="a">"McDonald and Avery's Dentistry for the Child and Adolescent, 10th Edition discusses pediatric examination, development, morphology, eruption of the teeth, and dental caries in depth - and emphasizes prevention and the treatment of the medically compromised patient. Boasting a new design and handy Evolve site, this new edition by Jeffrey A. Dean equips you with the latest diagnostic and treatment recommendations in the fast-growing field of pediatric dentistry"--Publisher's description. </subfield>
  </datafield>
  <datafield tag="650" ind1=" " ind2="7">
    <subfield code="a">Dental Care for Children.</subfield>
    <subfield code="2">BUEsh</subfield>
  </datafield>
  <datafield tag="650" ind1=" " ind2="7">
    <subfield code="a">Pediatric Dentistry</subfield>
    <subfield code="x">methods.</subfield>
    <subfield code="2">BUEsh</subfield>
  </datafield>
  <datafield tag="651" ind1=" " ind2=" ">
    <subfield code="2">BUEsh</subfield>
  </datafield>
  <datafield tag="653" ind1=" " ind2=" ">
    <subfield code="b">DDent</subfield>
    <subfield code="c">September2018</subfield>
    <subfield code="c">November2018</subfield>
  </datafield>
  <datafield tag="655" ind1=" " ind2=" ">
    <subfield code="v">Reading book</subfield>
  </datafield>
  <datafield tag="700" ind1="1" ind2=" ">
    <subfield code="a">Dean, Jeffrey A.</subfield>
    <subfield code="q">(Jeffrey Alan),</subfield>
    <subfield code="e">editor.</subfield>
  </datafield>
  <datafield tag="856" ind1="4" ind2="2">
    <subfield code="u">https://evolve.elsevier.com/cs/</subfield>
  </datafield>
  <datafield tag="942" ind1=" " ind2=" ">
    <subfield code="2">ddc</subfield>
  </datafield>
  <datafield tag="952" ind1=" " ind2=" ">
    <subfield code="0">0</subfield>
    <subfield code="1">0</subfield>
    <subfield code="2">ddc</subfield>
    <subfield code="4">0</subfield>
    <subfield code="7">0</subfield>
    <subfield code="8">Baccah</subfield>
    <subfield code="a">MAIN</subfield>
    <subfield code="b">MAIN</subfield>
    <subfield code="c">1ST</subfield>
    <subfield code="d">2018-09-23</subfield>
    <subfield code="e">Purchase</subfield>
    <subfield code="l">4</subfield>
    <subfield code="m">20</subfield>
    <subfield code="o">617.645 MCD</subfield>
    <subfield code="p">000043592</subfield>
    <subfield code="r">2022-08-24 00:00:00</subfield>
    <subfield code="s">2020-11-21</subfield>
    <subfield code="y">BB</subfield>
  </datafield>
  <datafield tag="952" ind1=" " ind2=" ">
    <subfield code="0">0</subfield>
    <subfield code="1">0</subfield>
    <subfield code="2">ddc</subfield>
    <subfield code="4">0</subfield>
    <subfield code="7">0</subfield>
    <subfield code="8">Baccah</subfield>
    <subfield code="a">MAIN</subfield>
    <subfield code="b">MAIN</subfield>
    <subfield code="c">1ST</subfield>
    <subfield code="d">2018-11-04</subfield>
    <subfield code="e">Purchase</subfield>
    <subfield code="g">1350.00</subfield>
    <subfield code="l">1</subfield>
    <subfield code="m">2</subfield>
    <subfield code="o">617.645 MCD</subfield>
    <subfield code="p">000043794</subfield>
    <subfield code="q">2022-10-12</subfield>
    <subfield code="r">2018-12-25 00:00:00</subfield>
    <subfield code="s">2018-12-25</subfield>
    <subfield code="y">BB</subfield>
  </datafield>
  <datafield tag="952" ind1=" " ind2=" ">
    <subfield code="0">0</subfield>
    <subfield code="1">0</subfield>
    <subfield code="2">ddc</subfield>
    <subfield code="4">0</subfield>
    <subfield code="7">0</subfield>
    <subfield code="8">Baccah</subfield>
    <subfield code="a">MAIN</subfield>
    <subfield code="b">MAIN</subfield>
    <subfield code="c">1ST</subfield>
    <subfield code="d">2018-11-04</subfield>
    <subfield code="e">Purchase</subfield>
    <subfield code="l">0</subfield>
    <subfield code="o">617.645 MCD</subfield>
    <subfield code="p">000043795</subfield>
    <subfield code="r">2022-08-24 00:00:00</subfield>
    <subfield code="y">NB</subfield>
  </datafield>
</record>
